000 01844nam1a2200373 i 4500
001 RU\NLR\bibl\1903894
005 20260408015525.0
035 _a(NLR Aleph) 001893497
090 _a2951721
_c2951721
100 _a20120516g20109999u y0rusy50 ca
101 0 _arus
102 _aRU
105 _a||||z |||||
200 1 _aИнновации и традиции науки и образования
_eВсероссийская научно-методическая конференция
_e[сборник статей
_fпод общ. ред. С.В. Лесникова]
210 _aСыктывкар
_cСыктывкарский государственный университет
_d2010
215 _d21
300 _aВ надзаг.: М-во образования и науки Рос. Федерации, ГОУ ВПО "Сыктывкар. гос. ун-т"
463 0 _10011741505
463 0 _10011742857
463 0 _10011740827
463 0 _10011748729
463 0 _10011742539
606 _aИнновации педагогические
_jСъезды, совещания и т.п.
_92078601
_3RU\NLR\auth\661254463
606 _aИнновации научные
_jСъезды, совещания и т.п.
_92092891
_3RU\NLR\auth\661266599
686 _aЧ312я431
686 _aЧ21я431
702 1 _aЛесников
_bС. В.
_gСергей Валентинович
_4340
711 1 2 _a"Инновации и традиции науки и образования", всероссийская научно-методическая конференция
_d2010
_fСыктывкар
_3RU\NLR\AUTH\8810178734
_9853574
801 0 _aRU
_bNLR
_c20120516
_gRCR
801 1 _aRU
_bNLR
_c20120516
852 _aNLR
_j2011-3/6437
942 _cBOOK